000 00390nam a22001337a 4500
005 20260313142250.0
008 260313b |||||||| |||| 00| 0 eng d
040 _cFLL
041 _2eng
_aeng
100 _aVerma, Shivani
_91132024
245 _aAnalysis of Citizenship Amendment Act, 2019(CAA)
_bIts Impact in Indian Secularism
260 _aDU
_bFaculty of Law
_c2024
942 _2CC
_cDIS
999 _c1715371
_d1715371